Byelaws and the foreshore (Record no. 45475)
[ view plain ]
| 000 -LEADER | |
|---|---|
| fixed length control field | 01099cab a2200289 4500 |
| 001 - CONTROL NUMBER | |
| control field | ABS49641 |
| 008 - FIXED-LENGTH DATA ELEMENTS--GENERAL INFORMATION | |
| fixed length control field | 090401t1993 xxu||||| |||| 00| 0 eng d |
| 035 ## - SYSTEM CONTROL NUMBER | |
| System control number | (Sirsi) u72073 |
| 041 ## - LANGUAGE CODE | |
| Language code of text/sound track or separate title | eng |
| 100 ## - MAIN ENTRY--PERSONAL NAME | |
| Personal name | Sydenham, A. |
| 245 ## - TITLE STATEMENT | |
| Title | Byelaws and the foreshore |
| 260 ## - PUBLICATION, DISTRIBUTION, ETC. | |
| Date of publication, distribution, etc. | 1993 |
| 350 ## - PRICE (NR) (BK AM CF MU VM SE) [OBSOLETE] | |
| Price | 0 |
| 490 ## - SERIES STATEMENT | |
| Series statement | Country Landowner |
| Volume/sequential designation | November 1993, 14(1) |
| 520 ## - SUMMARY, ETC. | |
| Summary, etc. | Highlights the main questions in "Anderson v Alnwick DC" (Abs49166); the validity of the byelaw under Public Health Amendment Act 1907 s82 to prevent digging for bait, the status of a map showing high and low water marks in connection with the byelaw, the judicial definition of low water and digging for bait as an ancillary right to the public right to fish. |
| 650 ## - SUBJECT ADDED ENTRY--TOPICAL TERM | |
| Topical term or geographic name entry element | BYE-LAWS |
| 650 ## - SUBJECT ADDED ENTRY--TOPICAL TERM | |
| Topical term or geographic name entry element | FISHING BAIT |
| 650 ## - SUBJECT ADDED ENTRY--TOPICAL TERM | |
| Topical term or geographic name entry element | FORESHORE |
| 650 ## - SUBJECT ADDED ENTRY--TOPICAL TERM | |
| Topical term or geographic name entry element | HIGH WATER MARK |
| 650 ## - SUBJECT ADDED ENTRY--TOPICAL TERM | |
| Topical term or geographic name entry element | LOW WATER MARK |
| 650 ## - SUBJECT ADDED ENTRY--TOPICAL TERM | |
| Topical term or geographic name entry element | LOW WATER MEAN MERIDIAN TIDES |
| 650 ## - SUBJECT ADDED ENTRY--TOPICAL TERM | |
| Topical term or geographic name entry element | ORDNANCE SURVEY MAP |
| 650 ## - SUBJECT ADDED ENTRY--TOPICAL TERM | |
| Topical term or geographic name entry element | PUBLIC HEALTH AMENDMENT ACT 1907 S82 |
| 690 ## - LOCAL SUBJECT ADDED ENTRY--TOPICAL TERM (OCLC, RLIN) | |
| Topical term or geographic name as entry element | HIGHWAYS RIGHTS OF WAY AND EASEMENTS |
| 942 ## - ADDED ENTRY ELEMENTS (KOHA) | |
| Suppress in OPAC | 0 |
| 948 ## - LOCAL PROCESSING INFORMATION (OCLC); SERIES PART DESIGNATOR (RLIN) | |
| c (OCLC) | 04/03/1997 |
| Withdrawn status | Lost status | Source of classification or shelving scheme | Damaged status | Not for loan | Home library | Current library | Shelving location | Date acquired | Total Checkouts | Full call number | Barcode | Date last seen | Copy number | Price effective from | Koha item type |
|---|---|---|---|---|---|---|---|---|---|---|---|---|---|---|---|
| Dewey Decimal Classification | London | London | Journal article | 14/09/1999 | ABS49641 | 72073-1001 | 06/08/2019 | 1 | 06/08/2019 | Journal article |